कांसे का गिलास / (Record no. 117764)

MARC details
000 -LEADER
fixed length control field 01022nam a22002537a 4500
005 - DATE AND TIME OF LATEST TRANSACTION
control field 20170124103100.0
010 ## - LIBRARY OF CONGRESS CONTROL NUMBER
LC control number B-141760
020 ## - INTERNATIONAL STANDARD BOOK NUMBER
Terms of availability 125.00
International Standard Book Number 8176751014
035 ## - SYSTEM CONTROL NUMBER
System control number B-141760
037 ## - SOURCE OF ACQUISITION
Source of stock number/acquisition Cen Lib/Ret
040 ## - CATALOGING SOURCE
Original cataloging agency DPL
Language of cataloging HN
082 ## - DEWEY DECIMAL CLASSIFICATION NUMBER
Classification number
Item number अरोड़ा
100 ## - MAIN ENTRY--PERSONAL NAME
Personal name अरोड़ा , सुधा
9 (RLIN) 76698
245 ## - TITLE STATEMENT
Title कांसे का गिलास /
Statement of responsibility, etc सुधा अरोड़ा
246 ## - VARYING FORM OF TITLE
Title proper/short title Kanse ka gilas
Remainder of title by Sudha Aroda
260 ## - PUBLICATION, DISTRIBUTION, ETC. (IMPRINT)
Place of publication, distribution, etc हरियाणा
Name of publisher, distributor, etc आधार प्रकाशन
Date of publication, distribution, etc 2004
270 ## - ADDRESS
Address एस.सी.ऍफ़.267,सेक्टर -16 पंचकुला
City हरियाणा
Postal code 134113
300 ## - PHYSICAL DESCRIPTION
Extent 136पृष्ठ.
Dimensions 21सेमी(सजिल्द)
650 ## - SUBJECT ADDED ENTRY--TOPICAL TERM
Topical term or geographic name as entry element हिंदी साहित्य
9 (RLIN) 76699
650 ## - SUBJECT ADDED ENTRY--TOPICAL TERM
Topical term or geographic name as entry element हिंदी सामाजिक कहानी
9 (RLIN) 76700
650 ## - SUBJECT ADDED ENTRY--TOPICAL TERM
Topical term or geographic name as entry element Hindi literature
9 (RLIN) 76701
650 ## - SUBJECT ADDED ENTRY--TOPICAL TERM
Topical term or geographic name as entry element Hindi Social Story
9 (RLIN) 76702
942 ## - ADDED ENTRY ELEMENTS (KOHA)
Source of classification or shelving scheme Dewey Decimal Classification
Koha item type Hindi Books
Classification part
Call number suffix अरोड़ा
Holdings
Withdrawn status Lost status Damaged status Not for loan Home library Current library Date acquired Source of acquisition Cost, normal purchase price Total Checkouts Full call number Barcode Date last seen Date checked out Copy number Cost, replacement price Price effective from Koha item type
        Central Library Central Library 08/09/2015 Cen Lib /Ret 125.00 5 क अरोड़ा B-141760 27/01/2021 12/01/2021 1 125.00 08/09/2015 Hindi Books

© Delhi Public Library
Hit Counter
free hit counter